Five Nights at Freddy's Quiz 2! - Statistics

General Stats
  • This quiz has been taken 109 times
    108 since last reset
  • The average score is 12 of 15
Answer Stats
Question Answer % Correct
Who entered Micheal Aftons body Ennard
93%
Who created FNaF? Scott Cawthon
91%
Who do you play as in Sister Location? Micheal Afton
90%
Why did Micheal Afton kill the Crying Child? He wanted to scare him as a joke
89%
Who was William Aftons work partner? Henry Emily
86%
What was the main purpose of the Funtime animatronics? To capture children
85%
Which jumpscare in FNaF 3 instantly kills you? Springtrap
81%
“It seems that you had some trouble with the keypad. I see what you were trying to type, and I will autocorrect it for you. One moment. Welcome,_____________" "Eggs Benedict"
80%
Which FNaF Animatronic does NOT have a nightmare variant Circus Baby
79%
Where does FNaF 3 take place? A Horror Attraction
78%
What causes a Springlock failure? All of the Above
76%
Who was William Aftons first kill? Charlie Emily
76%
Who is NOT a part of Ennard? Funtime Chica
70%
Who was the first child to get stuffed into an animatronic suit? Susie into Chica
65%
What is the purpose of Remnant? To keep William alive
63%
No matching quizzes found
Score Distribution
Percent of People with Each Score
Percentile by Number Answered
Your Score History
You have not taken this quiz since the last reset